| 000 | 01000cab a2200277 4500 | ||
|---|---|---|---|
| 001 | ABS54209 | ||
| 008 | 090401t1995 xxu||||| |||| 00| 0 eng d | ||
| 035 | _a(Sirsi) u9028 | ||
| 041 | _aeng | ||
| 100 | _aEdgington, D.W. | ||
| 245 | 4 | _aThe search for paradise: Japanese property investments in North America | |
| 260 | _c1995 | ||
| 350 | _a0 | ||
| 490 |
_aJournal of Property Research _v12(3) Winter 1995, 240-261(22) |
||
| 520 | _aReports on Japanese real estate investment in North American markets between 1985-1993. Issues include motivations for overseas investment, investment behaviour and cultural difficulties that affected some of these transactions. | ||
| 650 | _aCULTURAL DIFFERENCES | ||
| 650 | _aFOREIGN INVESTMENT-NORTH AMERICA | ||
| 650 | _aJAPAN | ||
| 650 | _aJAPANESE PROPERTY INVESTORS | ||
| 650 | _aNORTH AMERICA | ||
| 650 | _aOVERSEAS MARKETS | ||
| 690 | _aOVERSEAS-NORTH AMERICA | ||
| 690 | _aOVERSEAS-REST OF THE WORLD | ||
| 942 | _n0 | ||
| 948 | _c04/03/1997 | ||
| 999 |
_c5595 _d5595 |
||